| 000 | 00603nam a22002057a 4500 | ||
|---|---|---|---|
| 003 | OSt | ||
| 005 | 20140310182938.0 | ||
| 008 | 130201t xxu||||| |||| 00| 0 eng d | ||
| 020 | _a9715553265 | ||
| 050 |
_aDS 665 _b.C561 2000 |
||
| 082 |
_aFIL 306.409594 _b.C561 2000 |
||
| 245 |
_aFilipino personality _bindigenous and cross-cultural studies _cChurch, A. Timothy and Katigbak, Marcia S. |
||
| 260 |
_aManila _bDe La Salle University Press _c2000 |
||
| 300 |
_aix, 213 p. _bill. _c24 cm. |
||
| 521 | _aCollege | ||
| 526 | _c1210L-1700L | ||
| 541 | _j1 | ||
| 562 | _e1 | ||
| 942 |
_2lcc _cBK _kFIL |
||
| 999 |
_c17659 _d17659 |
||